<?xml version="1.0" encoding="UTF-8"?>
<marc:record xmlns:marc="http://www.loc.gov/MARC21/slim">
   <marc:leader>00000nam a2200000 a 4500</marc:leader>
   <marc:datafield ind1="1" ind2=" " tag="100">
      <marc:subfield code="a">Stine, R. L.</marc:subfield>
      <marc:subfield code="4">aut</marc:subfield>
      <marc:subfield code="e">Verfasser/-in</marc:subfield>
   </marc:datafield>
   <marc:datafield ind1="0" ind2="0" tag="245">
      <marc:subfield code="a">Fear Street</marc:subfield>
   </marc:datafield>
   <marc:datafield ind1="0" ind2="0" tag="245">
      <marc:subfield code="b">Nacht der Vergeltung / [aus dem Amerikan. übers. von Sabine Tandetzke und Bernhard Regen]</marc:subfield>
   </marc:datafield>
   <marc:datafield ind1="0" ind2="0" tag="245">
      <marc:subfield code="c">Stine, R. L.</marc:subfield>
   </marc:datafield>
   <marc:datafield ind1=" " ind2="1" tag="264">
      <marc:subfield code="a">Bindlach</marc:subfield>
      <marc:subfield code="b">Loewe</marc:subfield>
      <marc:subfield code="c">2013</marc:subfield>
   </marc:datafield>
   <marc:datafield ind1=" " ind2=" " tag="250">
      <marc:subfield code="a">1. Aufl.</marc:subfield>
   </marc:datafield>
   <marc:datafield ind1="1" ind2=" " tag="520">
      <marc:subfield code="a">Eine Halloween-Party in der alten Fear-Street-Villa! Kerzenschein, Spinnenweben und Totenköpfe begrüßen die gespannten Gäste – doch schon bald wird aus der lustigen Feier tödlicher Ernst. Werden sie diese mörderische Nacht überleben?&#xD;
&#xD;
&#xD;
&#xD;
Auch im Shadyside-Krankenhaus geschehen unheimliche Dinge. Warum hat der kleine Toby auf der Kinderstation so viel Angst? Wieso wird er überstürzt abgeholt? Außer Laurie scheint sich niemand zu wundern. Doch dann passiert etwas Schreckliches und Laurie wird klar, dass sie zu viel weiß!&#xD;
&#xD;
&#xD;
&#xD;
Enthält die Einzelbände „Rachsüchtig“ und „Das Skalpell“.</marc:subfield>
   </marc:datafield>
   <marc:datafield ind1=" " ind2=" " tag="020">
      <marc:subfield code="a">9783785577387</marc:subfield>
      <marc:subfield code="9">9783785577387</marc:subfield>
   </marc:datafield>
   <marc:datafield ind1=" " ind2=" " tag="020">
      <marc:subfield code="a">3785577389</marc:subfield>
      <marc:subfield code="9">3785577389</marc:subfield>
   </marc:datafield>
   <marc:datafield ind1=" " ind2=" " tag="041">
      <marc:subfield code="a">ger</marc:subfield>
   </marc:datafield>
   <marc:datafield ind1=" " ind2=" " tag="338">
      <marc:subfield code="a">Band</marc:subfield>
   </marc:datafield>
   <marc:datafield ind1=" " ind2=" " tag="300">
      <marc:subfield code="a">300 S.</marc:subfield>
   </marc:datafield>
</marc:record>
